| 000 | 00538nam a22001937a 4500 | ||
|---|---|---|---|
| 003 | OSt | ||
| 005 | 20180116183028.0 | ||
| 008 | 151216b xxu||||| |||| 00| 0 eng d | ||
| 020 | _a 02-556-97-1 | ||
| 024 | _2 02-556-97-1 | ||
| 040 | _cLahore LUMS | ||
| 082 | _a174.4 LUM 1997 | ||
| 100 | _aAli S M, Malik A S | ||
| 245 |
_aTHE BOARD MILL PROJECT _cAli S M, Malik A S |
||
| 260 |
_aLahore LUMS _bLahore University of Management Sciences _c1997 |
||
| 300 |
_a12 p. _bPapers |
||
| 440 | _aTHE BOARD MILL PROJECT | ||
| 942 |
_2ddc _cCS |
||
| 999 |
_c350892 _d350892 |
||